Statistics for Popular Rock Songs from A-Z

Click here to take the quiz!

General Stats

  • This quiz has been taken 65 times
  • The average score is 15 of 25

Answer Stats

BandSong% Correct
QueenBBohemian Rhapsody
98%
EaglesHHotel California
90%
Van HalenJJump
86%
Led ZeppelinSStairway to Heaven
83%
David Bowie/QueenUUnder Pressure
81%
Lynyrd SkynyrdFFree Bird
75%
Black SabbathPParanoid
75%
MetallicaEEnter Sandman
69%
Dire StraitsMMoney For Nothing
69%
Red Hot Chili PeppersCCalifornication
66%
Blue Oyster CultDDont Fear the Reaper
66%
Jimi HendrixAAll Along the Watchtower
63%
Guns N RosesWWelcome to the Jungle
63%
Derek and the DominoesLLayla
59%
David BowieZZiggy Stardust
56%
RushTTom Sawyer
46%
Kinks/Van HalenYYou Really Got Me
46%
Linkin ParkIIn the End
42%
YesOOwner of a Lonely Heart
42%
Jimi HendrixVVoodoo Child
42%
RattRRound and Round
37%
Rolling StonesGGimme Shelter
36%
Bob DylanKKnockin' on Heaven's Door
29%
U2NNew Year's Day
17%
RushXXanadu
17%

Score Distribution

Percentile by Number Answered

Percent of People with Each Score

Your Score History

You have not taken this quiz